000 00949nam0a22002891 4500
001 rc\4274257
005 20250612035043.0
021 _aRU
_b[62-24144]
035 _a(NLR Aleph) 008490788
090 _a8048662
_c8048662
100 _a20130416d1962 |||y0rusy50 ca
101 0 _arus
102 _aRU
105 _aa z |||||
200 1 _aБобовые культуры - на поля Молдавии!
210 _aКишинев
_cПартиздат
_d1962
215 _a23 с.
_cил.
_d17
225 1 _aПусть ярче горят маяки!
300 _aАвт. указаны в вып. дан.
606 _aЗернобобовые культуры
_xВозделывание
_yМолдавская ССР
_2psbo
700 1 _aБухар
_bИ.Е.
_gИосиф Ефимович
701 1 _aКеричев
_bИ.
801 0 _aRU
_bNLR
_gpsbo
801 1 _aRU
_bELAR
_2rusmarc
852 _aNLR
_j62-2/1244
942 _cBOOK
980 _aNB